Actors / Actresses by their Characters #6 - Statistics

General Stats
  • This quiz has been taken 81 times
  • The average score is 5 of 10
Answer Stats
Hint Answer % Correct
Chief Inspector Lee, Chon Wang, Bob Ho, Jimmy Tong Jackie Chan
91%
Princess Leia Organa, Angela, Marie, Lorna Karpf Carrie Fisher
78%
Diana Prince / Wonder Woman, Gisele Yashar, Linnet Ridgeway, Elena Vlaslov Gal Gadot
78%
Galadriel, Queen Elizabeth I, Hela, Irina Spalko Cate Blanchett
58%
Colonel Hans Landa, Dr. King Schultz, Ernst Stavro Blofeld, Benjamin Chudnofsky / Bloodnofsky Christoph Waltz
51%
Charles Xavier, David Percival, Gnomeo, Wesley A. Gibson James McAvoy
49%
Serena van der Woodsen, Adaline Bowman, Carol Ferris, Bridget Vreeland Blake Lively
36%
Jane Wilde Hawking, Jyn Erso, Dr. Sienna Brooks, Anna Gardner Felicity Jones
28%
King Henry V, Marcus Licinius Crassus, Heathcliff, Maxim de Winter Laurence Olivier
22%
Rahul Khanna, Raj Malhotra, Rahul Y. Raichand, Pathaan Shah Rukh Khan
14%
No matching quizzes found
Score Distribution
Percent of People with Each Score
Percentile by Number Answered
Your Score History
You have not taken this quiz